Music Quiz

Random Music or Clickable Quiz

Artist by First #1 Hit III Quiz Stats

Quiz Updated Aug 5, 2016

Challenge
Share
Tweet
Embed
Score 0/25 Timer 03:00
15 Plays Today
% Correct
Miley Cyrus
96.2%
ABBA
92%
Meghan Trainor
90.1%
Aretha Franklin
88.9%
Taylor Swift
87.8%
Gwen Stefani
87.7%
Guns N' Roses
84.9%
Aerosmith
82%
The Police
81.9%
The Bangles
80.7%
Elton John
74.6%
Kool & the Gang
72.7%
Shaggy
72.6%
% Correct
Van Halen
71.1%
Queen
69.9%
Nelly Furtado
69.6%
Justin Bieber
69.1%
Fleetwood Mac
66.3%
Celine Dion
64.8%
Wiz Khalifa
63.7%
The Notorious B.I.G.
55.9%
Drake
54%
Maroon 5
50.1%
Pitbull
46.5%
Carrie Underwood
45.8%

You're not logged in!

Compare scores with friends on all Sporcle quizzes.
Sign Up with Email
OR
Log In

You Might Also Like...

Show Comments

Extras

Top Quizzes Today


Score Distribution

Your Account Isn't Verified!

In order to create a playlist on Sporcle, you need to verify the email address you used during registration. Go to your Sporcle Settings to finish the process.

Report this User

Report this user for behavior that violates our Community Guidelines.

Details: